Gruppy i algebry Li Kompaktnyje veščestvennyje gruppy Li

Saved in:
Bibliographic Details
Format: Book
Language:Russian
Published: Moskva Mir 1986
Edition:1. izd.
Series:Monografija
Tags: Add Tag
No Tags, Be the first to tag this record!

MARC

LEADER 00000nam a2200000 4500
001 c022424
005 20260116071743.9
041 0 |a rus 
044 |a RU 
245 1 0 |a Gruppy i algebry Li  |b Kompaktnyje veščestvennyje gruppy Li  |c N Bourbaki ; [Z fran. prel.] I.A. Kostrikin 
250 |a 1. izd. 
264 1 |a Moskva  |b Mir  |c 1986 
300 |a 173 s. 
490 1 |a Monografija 
830 0 |a Monografija